000
00232 a2200097 4500
001
30854
100
_a
Mulana Saeed Ahmed Ansary
245
_a
Seerat Al-Sahabiat
260
_a
Gujrat
_b
Maktaba Zafar Qurani
_c
090
_c
20751
_d
20751
942
_a
NUST-CAE
_c
M
_c
11949
999
_c
265927
_d
265927